01873nam a2200385 u 4500001001000000003000900010005001700019007000300036008004100039040002500080082002300105100002600128245008500154260003400239300001900273500007300292504003100365590002700396650005400423650005800477650004500535651004200580651004800622651005200670700004000722700004300762910003700805942001400842952012400856952012400980952012401104952011801228952012401346999001701470000026290DO-SdBNP20260305073951.0ta090702s1995 dr r 000 0 spa d aDO-SdBNPbspacBNPHU 4a324.272bN322r2221 aNavarro, Luisa91116813aEl régimen de partidos en México, Centroamérica y Caribe /cLuisa Navarro. aSanto Domingo :bBuho, c1995 a303 p ;c22cm. aIncluye referencias bibliográficas y notas al pie de las páginas aBibliografía: p. 289-303 aInventariado, 2022/MFF 4aPartidos politicoszRepública Dominicana953315 4aParticipación política zCaribe (Región)982441 4aGeopolítica zCaribe (Región)953316 4aMéxicoxPolítica y gobierno 9539 4aEstados UnidosxRelaciones exteriores91498 0aCaribe (Región)xPolítica y gobierno9874011 aCanals, Jeannetteeedición9102031 aMoya Pons, Frank,d1944-eeditor92095 aValidado. Control de calidad MFF 2ddccLBS1 00102ddc56708DSaBNPHUbBNPHUcHDd2011-03-09oBNPHU DS 324.272 N322rp26290-30r2020-06-25te. 3w2020-06-25yLBS1 00102ddc56708DSaBNPHUbBNPHUcHDd2011-03-09oBNPHU DS 324.272 N322rp26290-40r2020-06-25te. 4w2020-06-25yLBS1 00102ddc56708DSaBNPHUbBNPHUcHDd2013-06-06oBNPHU DS 324.272 N322rp26290-50r2020-06-25te. 5w2020-06-25yLBS1 00102ddc51708PDaBNPHUbBNPHUcHDd2011-03-09oBNPHU PD 324.272 N322rp26290-10r2020-06-25w2020-06-25yLBS1 00102ddc51708PDaBNPHUbBNPHUcHDd2011-03-09oBNPHU PD 324.272 N322rp26290-20r2020-06-25te. 2w2020-06-25yLBS1 c25782d25782